Proceedings of military electronic defece expo-1978 (Photocopy) (Record no. 194284)
[ view plain ]
| 000 -LEADER | |
|---|---|
| fixed length control field | 01313 a2200157 4500 |
| 003 - CONTROL NUMBER IDENTIFIER | |
| control field | Nust |
| 005 - DATE AND TIME OF LATEST TRANSACTION | |
| control field | 20170207154120.0 |
| 040 ## - CATALOGING SOURCE | |
| Transcribing agency | Nust |
| 082 ## - DEWEY DECIMAL CLASSIFICATION NUMBER | |
| Classification number | 623.3 |
| 245 ## - TITLE STATEMENT | |
| Title | Proceedings of military electronic defece expo-1978 (Photocopy) |
| Statement of responsibility, etc. | Stover,Harry L |
| 260 ## - PUBLICATION, DISTRIBUTION, ETC. | |
| Date of publication, distribution, etc. | 1978 |
| Place of publication, distribution, etc. | USA |
| 300 ## - PHYSICAL DESCRIPTION | |
| Extent | 835 p. |
| 505 ## - FORMATTED CONTENTS NOTE | |
| Formatted contents note | Solid State Microwave And Millimeter Wave Technology (Page-3), Gas Devices And Monolithic Integrated Circuits (Page-13), Microwave Monolithic Gallium Arsenide And Silicon Circuit Technology Overview (Page-27), Infrared CCD And CID Focal Plane Arrays (Page-105), Standardization And Trends In Military Microprocessor And Microcomputer Systems MEDE (Page-263), CCD Digital Memories (Page-117), The Use Of Microprocessors And Tactical Comm. (Page-276), Summary Of Threats (Page-379), Technological Trends In Electronic Warfare (Page-386), Antennas And Receivers For EW Sys (Page-408), The Target Problem Using Airborne Radar Under ECM Environment (Page-414), Delta Multiplex System (Page-475), Digital Technology In The Ptarmigan Switch (Page-489), Quantitative Measure Of Communications Security (Page-525), Management And Control Of Military Communications Networks (Page-535), Soviet Electronic Support Measures Capability (Page-830). |
| 538 ## - SYSTEM DETAILS NOTE | |
| System details note | Almirah No.42 Shelf No. 2 |
| 650 ## - SUBJECT ADDED ENTRY--TOPICAL TERM | |
| Topical term or geographic name entry element | Electronic warfare |
| 942 ## - ADDED ENTRY ELEMENTS (KOHA) | |
| Source of classification or shelving scheme | |
| Koha item type | Book |
| Withdrawn status | Lost status | Source of classification or shelving scheme | Damaged status | Not for loan | Collection code | Permanent Location | Current Location | Date acquired | Total Checkouts | Full call number | Barcode | Date last seen | Price effective from | Koha item type |
|---|---|---|---|---|---|---|---|---|---|---|---|---|---|---|
| Military College of Signals (MCS) | Military College of Signals (MCS) | 12/12/2016 | 623.3 MIL | MCS5871 | 12/08/2016 | 12/12/2016 | Book |
